000 nam a22 7a 4500
999 _c17277
_d17277
008 161123b xxu||||| |||| 00| 0 eng d
020 _a9781305043244
050 _aQH 308.2 .S65 2013
100 _aSolomon,Eldra P.
_d2013
245 _aBiology/
260 _aAustralia:
_bCengage learning,
_c2013.
300 _axxxii,707[112]p.
650 _aBiology
942 _2lcc
_cBOOKS
_hQH 308.2 .S65 2013